| 000 | 01277nam0a22002891 4500 | ||
|---|---|---|---|
| 001 | rc\2196252 | ||
| 005 | 20260407131130.0 | ||
| 035 | _a(NLR Aleph) 006510820 | ||
| 090 |
_a6328441 _c6328441 |
||
| 100 | _a20110829g19781979|||y0rusy50 ca | ||
| 101 | 0 | _arus | |
| 102 | _aRU | ||
| 105 | _aa z ||||| | ||
| 200 | 1 |
_aМетоды разведочной геофизики _eШахт.-руднич. геофизика _eСб. науч. тр. _fНауч.-произв. об-ние "Геофизика" _g[Науч. ред. А.П. Савицкий, Б.Н. Тихонов] |
|
| 210 |
_aЛенинград _cНПО "Геофизика" _d1978 (вып. дан. 1979) |
||
| 215 |
_a129 с., 1 л. граф. _cил. _d21 |
||
| 320 | _aБиблиогр. в конце работ | ||
| 606 |
_aГеофизическая разведка _jСборники _2psbo |
||
| 606 |
_aРудные месторождения _xПоиски и разведка _jСборники _2psbo |
||
| 702 | 1 |
_aТихонов _bБ.Н. _4340 |
|
| 702 | 1 |
_aСавицкий _bА.П. _4340 |
|
| 712 | 0 | 2 |
_a"Геофизика", объединение _cЛенинград _3RU\NLR\AUTH\889982211 _9460391 |
| 801 | 0 |
_aRU _bNLR _gpsbo |
|
| 801 | 1 |
_aRU _bELAR _2rusmarc |
|
| 852 |
_aNLR _j79-5/4010 |
||
| 942 | _cBOOK | ||
| 980 | _aNB | ||